000 00479nam a2200217Ia 4500
003 IT-RoPAU
008 120407s9999 xx 000 0 und d
040 _aIT-RoPAU
040 _cIT-RoPAU
041 _aita
100 _aKarl May
245 _a“Manosicura” in giallo nel West.
250 _aCatania
260 _aEdizioni Paoline
260 _c1972
300 _c18,5 cm
490 _v1
600 _a"1° v. 333 p 2° v. 323 p."
942 _cBK
999 _c17441
_d17441